000 00648nam a22001697a 4500
008 150422b xxu||||| |||| 00| 0 eng d
050 _aBX8.2.K61
100 _aKisoga, Josef Buchana
_917476
245 _aConversion of the churches to Christ as dialogue reference for the ecumenical unity of Christians in Uganda
_c/by Josef Buchana Kisoga
260 _aRoma
_bPontifical Urban University
_c2001
300 _avi,143p. ;
_c24cm.
521 _aThesis
650 _aEcumenism
_zUganda
_917477
650 _aVatican council 2nd
_xDecrees
_xCommentaries
_917478
650 _aCatholic church in Uganda
_xRelations
_917479
942 _2lcc
_cMONOGRAPH
999 _c122748
_d122748